Kuroko no Basket Characters (Slideshow) Quiz Stats

 Plays Quiz not verified by Sporcle

Challenge
Share
Tweet
Score 0/20 Timer 04:00
0 Plays Today
% Correct
Tetsuya Kuroko
99.9%
Taiga Kagami
98.1%
Ryōta Kise
91.7%
Daiki Aomine
90.7%
Shintarō Midorima
90.3%
Junpei Hyūga
89.2%
Teppei Kiyoshi
86.8%
Seijūrō Akashi
86.5%
Atsushi Murasakibara
83.5%
Riko Aida
81.4%
% Correct
Shun Izuki
81.3%
Satsuki Momoi
80.8%
Kazunari Takao
78.4%
Alexandra Garcia
74.6%
Tatsuya Himuro
72.4%
Yukio Kasamatsu
69.9%
Tetsuya #2
69.5%
Makoto Hanamiya
56.7%
Shōgo Haizaki
52.9%
Shōichi Imayoshi
52.5%

You're not logged in!

Compare scores with friends on all Sporcle quizzes.
Join for Free
OR
Log In

You Might Also Like...

Show Comments

Extras

Top Quizzes Today


Score Distribution

Your Account Isn't Verified!

In order to create a playlist on Sporcle, you need to verify the email address you used during registration. Go to your Sporcle Settings to finish the process.

Report this User

Report this user for behavior that violates our Community Guidelines.

Details: